000
00291nam a22001337a 4500
008
171214b xxu||||| |||| 00| 0 eng d
020
_a
9780781747189
041
_a
eng
080
_2
5TH
_a
610.73
100
_a
2
101
_a
INF
245
_a
CARDIAC NURSING
_c
WOODS,S.L
942
_2
udc
_c
BK
999
_c
38895
_d
38895